Squadra dell'anno AIC 2016 - Statistics

Statistiche generali
  • Questo quiz è stato fatto 10 volte
  • Il punteggio medio è 10 su 11
Statistiche sulle risposte
Ruolo Nazione Squadra Calciatore % Corretto
Portiere Italia Juventus Gianluigi Buffon
100%
Difensore Italia Juventus Giorgio Chiellini
100%
Difensore Senegal Napoli Kalidou Koulibaly
100%
Difensore Italia Juventus Leonardo Bonucci
100%
Centrocampista Slovacchia Napoli Marek Hamšík
100%
Attaccante Argentina Juventus Paulo Dybala
100%
Difensore Italia Juventus Andrea Barzagli
90%
Attaccante Argentina Napoli Gonzalo Higuaín
90%
Centrocampista Francia Juventus Paul Pogba
90%
Centrocampista Belgio Roma Radja Nainggolan
90%
Centrocampista Bosnia ed Erzegovina Roma Miralem Pjanić
80%
Nessun quiz corrispondente trovato
Distribuzione punteggi
Percentuale di utenti per punteggio
Percentile per numero di risposta
I tuoi punteggi nel tempo
Non hai fatto questo quiz